000 01077nam a2200289 a 4500
001 BRCA_740
005 20190320203129.0
008 971203s1997 mx-a---##b---#000-0#spa-u
020 _a9686533567
020 _a9706830316 (2a ed.)
040 _aDLC
_cDLC
_dDLC
041 _aspaeng
050 4 _aNK844
_b.U86 5
_c1997
245 1 0 _aLacas mexicanas
_cRuth Lechuga ... [et al.].
260 _aMéxico
_bMuseo Franz Mayer : Artes de México
_c1997
300 _a81 p.
_bil. a color
_c23 cm.
440 0 _aColección Uso y estilo
_v5
_92441
500 _aLos ejemplares 1 y 2 incluyen invitación y catálogo de obra
500 _aCatálogo de la exposición realizada en el Museo Franz Mayer (Ciudad de México), 7 agosto - 28 septiembre, 1997
500 _aEl ejemplar 3 es 2a ed., 2003
500 _a2 ejemplares en Biblioteca y 1 ejemplar en el Área de Investigación
504 _aBibliografía : p. 78-79
546 _aTexto en : español e inglés
650 1 4 _aLacas
_vExposiciones
_zMéxico
_92442
700 1 _aLechuga, Ruth D.
_d1920-2004
_92443
942 _2lcc
_cB
999 _c639
_d639